[Event "VEN-ch U20"]
[Site "Maracay"]
[Date "2018.05.31"]
[Round "4"]
[White "Perez Rivero, Juan Jose"]
[Black "Escalona Landi, Samid Eduardo"]
[Result "0-1"]
[WhiteElo "1666"]
[BlackElo "2158"]
[PlyCount "85"]
[EventDate "2018.05.31"]
[EventType "swiss"]
[EventRounds "7"]
[EventCountry "VEN"]
[SourceTitle "EXT 2019"]
[Source "ChessBase"]
[SourceDate "2018.10.10"]
[SourceVersion "1"]
[SourceVersionDate "2018.10.10"]
[SourceQuality "1"]

1. d4 Nf6 2. c4 g6 3. Nc3 Bg7 4. e4 d6 5. f4 0-0 6. Nf3 c5 7. d5 b5 8. cxb5 a6 9. bxa6 Qa5 10. Bd2 Bxa6 11. Bxa6 Qxa6 12. Qe2 Nbd7 13. Qxa6 Rxa6 14. Kd1 Rb8 15. Kc2 Rab6 16. Rab1 Ne8 17. Rhe1 Nc7 18. Nd1 Nb5 19. Nc3 Nc7 20. Nd1 Na6 21. a3 c4 22. Bc3 Nac5 23. Bxg7 Kxg7 24. g3 Nf6 25. Nd2 R8b7 26. Nf2 Rc7 27. Re3 Na4 28. Nd1 Nd7 29. Nc3 Ndc5 30. Nd1 Nb3 31. Nc3 Nd4+ 32. Kc1 Nc5 33. Nf3 Ndb3+ 34. Kc2 Rcb7 35. Nd1 Na4 36. h3 h5 37. h4 Kf8 38. Nf2 Nd4+ 39. Nxd4 Rxb2+ 40. Rxb2 Rxb2+ 41. Kc1 Rxf2 42. Re2 Rf1+ 43. Kc2 0-1

[Event "VEN-ch U14"]
[Site "Caracas"]
[Date "2016.10.30"]
[Round "6.5"]
[White "Benavides Montenegro, Maicol Alexander"]
[Black "Perez Rivero, Juan Jose"]
[Result "1/2-1/2"]
[WhiteElo "1848"]
[BlackElo "1816"]
[PlyCount "56"]
[EventDate "2016.10.27"]
[EventType "swiss"]
[EventRounds "7"]
[EventCountry "VEN"]
[SourceTitle "EXT 2022"]
[Source "ChessBase"]
[SourceDate "2021.10.06"]
[SourceVersion "1"]
[SourceVersionDate "2021.10.06"]
[SourceQuality "1"]

1. e4 e5 2. Nf3 Nf6 3. Nxe5 d6 4. Nf3 Nxe4 5. Nc3 Nxc3 6. dxc3 Be7 7. h3 0-0 8. Be3 c5 9. Qd2 Be6 10. Be2 Nc6 11. c4 Qb6 12. c3 Ne5 13. Nxe5 dxe5 14. 0-0-0 Qa6 15. b3 Rad8 16. Qc2 Qc6 17. g4 a5 18. a4 e4 19. Rdf1 f5 20. f4 Bf6 21. Rd1 b6 22. Rhg1 Rxd1+ 23. Rxd1 Rd8 24. Kb2 g6 25. gxf5 gxf5 26. Rxd8+ Bxd8 27. Qd1 Qd7 28. Qxd7 Bxd7 1/2-1/2